Loading...
| Fine Arts - Classical Music | 0 | 6 | 0 | 1 | 60 | 23 | 69.33 | 1 | 4 | 21.84 | 38.51 |
| Science - Other | 0 | 5 | 0 | 1 | 50 | 31 | 81.00 | 2 | 3 | 14.66 | 22.47 |
| History - Other | 0 | 3 | 1 | 2 | 25 | 23 | 80.00 | 1 | 2 | 7.14 | 13.26 |
| History - World | 0 | 3 | 1 | 0 | 25 | 24 | 36.00 | 0 | 2 | 17.83 | 18.43 |
| Current Events | 0 | 2 | 0 | 0 | 20 | 56 | 61.00 | 0 | 2 | 17.52 | 30.00 |
| History - American | 0 | 2 | 0 | 0 | 20 | 69 | 69.50 | 1 | 1 | 7.16 | 12.50 |
| Philosophy | 0 | 2 | 0 | 0 | 20 | 11 | 42.00 | 1 | 1 | 13.49 | 16.05 |
| Religion | 0 | 2 | 0 | 0 | 20 | 45 | 56.50 | 0 | 0 | 9.35 | 7.95 |
| Science - Chemistry | 0 | 2 | 0 | 0 | 20 | 50 | 69.50 | 0 | 2 | 6.70 | 11.62 |
| Social Science | 0 | 2 | 0 | 1 | 20 | 48 | 79.00 | 1 | 1 | 7.69 | 16.07 |
| Literature - American | 0 | 1 | 0 | 0 | 10 | 86 | 86.00 | 0 | 1 | 2.47 | 4.04 |
| Science - Physics | 0 | 1 | 0 | 0 | 10 | 86 | 86.00 | 0 | 0 | 1.72 | 3.41 |
| Popular Culture | 0 | 1 | 0 | 1 | 10 | 121 | 121.00 | 0 | 0 | 0.00 | 6.25 |
| Fine Arts - Other | 0 | 1 | 0 | 0 | 10 | 108 | 108.00 | 0 | 1 | 1.30 | 6.06 |
| Science - Biology | 0 | 1 | 0 | 0 | 10 | 82 | 82.00 | 0 | 0 | 2.19 | 4.04 |
| History - European | 0 | 1 | 0 | 0 | 10 | 53 | 53.00 | 0 | 1 | 4.94 | 7.07 |
| Mythology | 0 | 1 | 0 | 1 | 10 | 104 | 104.00 | 0 | 0 | 0.00 | 1.14 |
| Fine Arts - Painting and Sculpture | 0 | 1 | 0 | 0 | 10 | 112 | 112.00 | 0 | 0 | 0.68 | 3.03 |
| Geography | 0 | 1 | 2 | 0 | 0 | 71 | 71.00 | 0 | 0 | 6.72 | 6.25 |